000 00331nam a22001337a 4500
041 _aENG
100 _aSharda.V.N
245 _aTraining Manual Soil Conservation & Watershed Management Vol 2
260 _aDehradun
_bICAR
_c2007
300 _a410
650 _aSWCE
700 _aJuyal.G.P , Candra Prakash,Joshi.B.P
856 _uSWCE
999 _c3239
_d3239